02016nam a2200325Ia 4500003000400000005001700004008004100021020003000062040000800092082001800100100001700118245012500135260002800260300001600288650003300304650005600337700002100393942000900414952013700423952012500560952012500685952012500810952012500935952012101060952013301181952012101314952012101435952012101556999001301677IIN20240103112134.0231217s9999 xx 000 0 und d cRs. 395.00a9788171793846 aIIN a616.0252bGUP1 aGupta, L.C. 1 aManual of First Aid bManagement of General Injuries, Sports Injuries and Common AilmentscL.C. Gupta and Abhitabh Gupta bJaypeeaNew Delhic1995 axiv, 441 p.1 aFirst aid vGeneral Injuries1 aFirst aid in illness and injuryvStudy and teaching1 aGupta, Abhitabh  cBOOK 00102ddc40708Purches BookaIINbIINd2023-12-17g395.00l1o616.0252 GUPp490r2024-03-21 16:15:36s2024-03-19w2023-12-17yBOOK 00102ddc40708Purches BookaIINbIINd2023-12-17g395.00l0o616.0252 GUPp491r2023-12-17 21:32:20w2023-12-17yBOOK 00102ddc40708Purches BookaIINbIINd2023-12-17g395.00l0o616.0252 GUPp492r2023-12-17 21:32:20w2023-12-17yBOOK 00102ddc40708Purches BookaIINbIINd2023-12-17g395.00l0o616.0252 GUPp493r2023-12-17 21:32:20w2023-12-17yBOOK 00102ddc40708Purches BookaIINbIINd2023-12-17g395.00l0o616.0252 GUPp494r2023-12-17 21:32:20w2023-12-17yBOOK 001040708Purches BookaIINbIINd2023-12-17g495.00l0o616.0252 GUPp1169r2023-12-17 21:32:33w2023-12-17yBOOK 001040708Purches BookaIINbIINd2023-12-17g495.00l1o616.0252 GUPp1170r2024-03-22 15:59:15s2024-03-21w2023-12-17yBOOK 001040708Purches BookaIINbIINd2023-12-17g495.00l0o616.0252 GUPp1171r2023-12-17 21:32:33w2023-12-17yBOOK 001040708Purches BookaIINbIINd2023-12-17g495.00l0o616.0252 GUPp1172r2023-12-17 21:32:33w2023-12-17yBOOK 001040708Purches BookaIINbIINd2023-12-17g495.00l0o616.0252 GUPp1173r2023-12-17 21:32:33w2023-12-17yBOOK c495d495